000 01051nam a2200301 i 4500
003 EG-GICUC
005 20260427123726.0
008 260427s1937 fr |||fr|||| 00| 0 fre d
040 _aEG-GiCUC
_bfre
_cEG-GiCUC
_dEG-GiCUC
_eRda
041 _afre
082 0 4 _221
_a343.5
_bTC . T
092 0 4 _221
099 _aLaw1 10 343.5 TC . T 1937
100 1 _aTchernoff, J.
_d1872-
_eAuteur
245 1 0 _aTraité de droit pénal financier /
_cJ. Tchernoff.
264 _aParis :
_bLibrairie Dalloz,
_c1937.
300 _a80 page ;
_c 24 cm.
336 _2rda contenu
_a texte
337 _2rda medias
_aOrdinateur
338 _2 transporteur rda
_a Ressource en ligne
500 _aPublicité financière La hausse injustifiée: Décret du 1 juillet 1937 Atteintes au crédit de la nation Commissaires aux comptes Le démarchage
546 _aTexte en français
650 1 4 _aDroit pénal international
_2qrmak
651 1 _2qrmak
856 4 0 _uhttps://fll.law.cu.edu.eg/fulltext/bks/B10-11613.pdf
905 _a161
942 _2ddc
_cBK
_e21
_n0
999 _c73684
_d73684